Normal view MARC view
  • Woods, Richard D.

Entry Personal Name

Number of records used in: 2

001 - CONTROL NUMBER

  • control field: 22246

003 - CONTROL NUMBER IDENTIFIER

  • control field: NUST

005 - DATE AND TIME OF LATEST TRANSACTION

  • control field: 20191001160326.0

008 - FIXED-LENGTH DATA ELEMENTS

  • fixed length control field: 191001|| aca||aabn | a|a d

040 ## - CATALOGING SOURCE

  • Original cataloging agency: NUST
  • Transcribing agency: NUST

100 ## - HEADING--PERSONAL NAME

  • Personal name: Woods, Richard D.

670 ## - SOURCE DATA FOUND

  • Source citation: Work cat.: (NUST)1157: Woods, Richard D., Dynamics Effects of Pile Installations on Adjacent Structures/, 2004
© 2023 Central Library, National University of Sciences and Technology. All Rights Reserved.